Critical hermeneutics : a study in the thrught of Paul Ricoeur and Jurgen Habermas

Saved in:
Bibliographic Details
Main Author: Thompson, John B. (John Brookshire)
Format: Book
Language:English
Published: Cambridge : Cambridge university press, 1981
Subjects:
Tags: Add Tag
No Tags, Be the first to tag this record!

MARC

LEADER 00000nam a2200000 i 4500
001 1/30997
008 960329s1981 eng d
020 |a 0521276667 
035 |l 10023501 
040 |a GR-MY-UA  |b gre  |e aacr 
041 0 |a eng 
082 0 |a 300.1 
100 1 |a Thompson, John B.   |q (John Brookshire) 
245 1 0 |a Critical hermeneutics : a study in the thrught of Paul Ricoeur and Jurgen Habermas 
260 |a Cambridge :   |b Cambridge university press,   |c 1981 
300 |a 257 p. 
600 1 0 |a Habermas Jurgen. 
600 1 0 |a Ricoeur, Paul. 
650 0 0 |a Social sciences  |x Philosophy. 
650 0 0 |a Hermeneutics. 
852 |a INST  |b CHIOS  |e 19960329  |h 300.1 THO  |p 005200006613  |q 005200006613  |t BK  |y 0 
909 |a Χ  |b 001675